000 00851nam a22002657a 4500
003 CHAP
005 20220329135237.0
008 971013s r 00010 d
010 _a33195
011 _a34167
035 _a38283
040 _cCHAP
090 _aR-1516
100 0 0 _aNukunya, G. K.
_982201
245 _aLand tenure and agricultural development in the Angola area of the Volta region
500 _aSobretiro de : Staff Paper, University of Ghana, Legon, Accra. 7 p.
590 _aBATCH-UPD
_b10
_c20130110
_lUCH01
_h0951
590 _aBATCH-UPD
_b10
_c20130410
_lUCH01
_h0605
590 _aCONVERSION
_b10
_c20130109
_lUCH01
_h1319
650 1 4 _aAgricultura
_xAspectos economicos
_xAfrica.
_91198
650 1 4 _aTierras
_xTenencia
_xAfrica.
_9113131
901 _aBK
942 _cREIMP
949 _aR-1516
_bBC
_cR
_d-87495
_eTS1
_i38283
_si
999 _c33195
_d33195